Statistics for Countries with No Currency

Click here to take the quiz!

General Stats

  • This quiz has been taken 159 times
  • The average score is 2 of 6

Answer Stats

Country% Correct
Ecuador
54%
Zimbabwe
47%
Kosovo
41%
Montenegro
33%
East Timor
29%
Liechtenstein
25%

Score Distribution

Percentile by Number Answered

Percent of People with Each Score

Your Score History

You have not taken this quiz